Etnograf i krajoznawca śląski Adolf Jan Nasz

Titel: Etnograf i krajoznawca śląski Adolf Jan Nasz
Verfasser:
In: Śla̜ski labirynt krajoznawczy, Band 2 (1990), Seite 9-17, il. 2
alle Artikel anzeigen
Veröffentlicht: 1990
Format: Aufsatz
Sprache: Polnisch
Kein Bild verfügbar
X
alg: 39466257
001A    $01999:12-11-16 
001B    $01999:30-05-21 $t14:39:06.000 
001D    $01999:12-11-16 
001U    $0utf8 
001X    $00 
002@    $0Aox 
003@    $0394662571 
007A    $0394662571 $aHEB 
007T    $0Herdww013764 
010@    $apol 
011@    $a1990 
021A    $aEtnograf i krajoznawca śląski Adolf Jan Nasz 
028A    $aKomorowski $dJerzy 
031A    $d2 $h9-17, il. 2 $j1990 
039B    $aIn $8--Abvc--. Śla̜ski labirynt krajoznawczy. - Wrocław : Sudety, 1989-. - ISSN 0867-0013 $x199000000020000991 $9048583480 
045F    $a929.094385 $eDDC23BSB 
045F/01 $a929 
045F/03 $g4385 

lok: 39466257 78

exp: 39466257 78 1 #EPN
201B/01 $018-11-16 $t12:19:46.000 
201U/01 $0utf8 
203@/01 $0790773066 
208@/01 $a12-11-16 $be 
209A/01 $a/ $f000 $x00 
220C/01 $aTitelaufnehmer: KS 
220C/01 $aHerkunft: IH UWr 
244Z/01 $2Trx $#Silesia $#Śląsk $#Sliezsko $#Slezsko $8--Trx--Schlesien $x01 $9391173987 
244Z/01 $aGeschichte 1916-1973 $x02 
244Z/01 $2Trx $8--Trx--Nasz, Adolf Jan$Z1916-1973 $x03 $9390640301 
244Z/01 $2Trx $#etnograafid $#etnografai $#ethnographers $#néprajzkutató $#etnografowie $#etnografi $#etnografové $#Ethnographen $#národopisci $#národopisci $8--Trx--Volkskundler $x04 $9391369083 
244Z/01 $2Trx $#maateadus $#etnologija $#Regional studies $#regionális tanulmányok $#krajoznawstwo $#vlastiveda $#vlastivěda $8--Trx--Landeskunde $x05 $9391358952 
244Z/01 $2Trx $8--Trx--Zeitschriftenaufsatz $x06 $9391384341 
244Z/01 $2Trx $#biograafiad $#biografijos $#biography $#életrajzok $#biografia $#biografie $#biografie $8--Trx--Biographie $x07 $9391352938 
245Z/01 $a12.03 $x01 
247C/01 $82080>Marburg/Lahn, Herder-Institut, Forschungsbibliothek, Bibliographieportal $9336309341
LEADER 00000caa a22000002c 4500
001 394662571
003 DE-603
005 20210530143906.0
007 tu
008 161112s1990 xx |||| | u00||u|pol c
035 |a (DE-599)HEB394662571 
040 |a DE-603  |b ger  |c DE-603  |d DE-603 
041 |a pol 
082 0 4 |8 1\u  |a 929.094385  |q DE-101  |2 23/BSB 
085 |8 1\u  |b 929 
085 |8 1\u  |z 2  |s 4385 
100 1 |a Komorowski, Jerzy 
245 0 0 |a Etnograf i krajoznawca śląski Adolf Jan Nasz 
264 0 |c 1990 
773 0 8 |i In  |t Śla̜ski labirynt krajoznawczy  |d Wrocław : Sudety, 1989-  |x 0867-0013  |g Band 2 (1990), Seite 9-17, il. 2  |w (DE-603)048583480  |w (DE-600)1077945-0 
924 0 |9 2080  |a (DE-603)790773066  |b DE-2080  |c HES  |d d  |g /